LEADER 01537nam--2200397---450- 001 990002892090203316 005 20100702163804.0 010 $a88-387-3387-2 035 $a000289209 035 $aUSA01000289209 035 $a(ALEPH)000289209USA01 035 $a000289209 100 $a20070329d2006----km-y0itay50------ba 101 $aita 102 $aIT 105 $a||||||||001yy 200 1 $aManuale pratico dell'invalidità civile e della disabilità$eguida alle procedure per l'assistenza con formulario, giurisprudenza e casistica$ediritto assistenziale di invalidi civili, ciechi e sordomuti, diritto dei disabili$eaggiornato alla Legge 1. marzo 2006, n. 67 (misure per la tutela giudiziaria delle persone con disabilita vittime di discriminazioni)$fVincenzo Micela 210 $aSantarcangelo di Romagna$cMaggioli$dcopyr. 2006 215 $a591 p.$d24 cm$e1 cd-rom 225 2 $aLegale$v107 410 0$12001$aLegale$v107 454 1$12001 461 1$1001-------$12001 606 0 $aDisabili$xDiritti$xTutela 606 0 $aInvalidità$xLegislazioni 676 $a362.4 700 1$aMICELA,$bVincenzo$0596473 801 0$aIT$bsalbc$gISBD 912 $a990002892090203316 951 $aXXX.A. Coll. 99/ 70 (COLL STY 107)$b51880 G$cXXX.A. Coll. 99/ 70 (COLL STY)$d00123240 959 $aBK 969 $aGIU 979 $aCAPORASO$b90$c20070329$lUSA01$h1508 979 $aRSIAV4$b90$c20100702$lUSA01$h1638 996 $aManuale pratico dell'invalidità civile e della disabilità$9989988 997 $aUNISA LEADER 01605nam0 2200361 i 450 001 CFI0233736 005 20251003044136.0 010 $a8879105442 020 $aIT$b93-5159 100 $a20110630d1993 ||||0itac50 ba 101 | $aita 102 $ait 181 1$6z01$ai $bxxxe 182 1$6z01$an 200 1 $aˆIl ‰Mezzogiorno tra vecchi problemi e nuove sfide$einterviste a Luciano Benadusi ...$fa cura di Paolo Botta 210 $aRoma$cEL$d\1993! 215 $a177 p.$d21 cm. 606 $aItalia meridionale$xCondizioni economiche e sociali$xInterviste$2FIR$3LO1C045192$9I 676 $a306.09457$9CULTURA E ISTITUZIONI. ITALIA MERIDIONALE$v19 676 $a306.09457$9$v21 676 $a306.09457$9CULTURA e ISTITUZIONI. Italia meridionale$v22 696 $aIntervista 699 $aInterviste$zIntervista 702 1$aBotta$b, Paolo$3CFIV020648 801 3$aIT$bIT-000000$c20110630 850 $aIT-BN0095 $aIT-NA0097 901 $bNAP SP$cNF. $nNUOVO FONDO 901 $bNAP 01$cPOZZO LIB.$nVi sono collocati fondi di economia, periodici di ingegneria e scienze, periodici di economia e statistica e altri fondi comprendenti documenti di economia pervenuti in dono. 912 $aCFI0233736 950 0$aBiblioteca Centralizzata di Ateneo$b1 v.$c1 v.$d 01POZZO LIB.ECON MON 9777$e 0101 0000086735E VMA 1 v. (Precedente collocazione: GUERRAZZI B 100)$fB $h20070904$i20070904 977 $a 01$a SP 996 $aMezzogiorno tra vecchi problemi e nuove sfide$9456698 997 $aUNISANNIO